Operations Research : (Record no. 1189)
[ view plain ]
| 000 -LEADER | |
|---|---|
| fixed length control field | 00640nam a2200229 a 4500 |
| 008 - FIXED-LENGTH DATA ELEMENTS--GENERAL INFORMATION | |
| fixed length control field | 191206s2013 ii a|||g |||| 001 0 eng d |
| 020 ## - INTERNATIONAL STANDARD BOOK NUMBER | |
| International Standard Book Number | 9789350593363 |
| Terms of availability | Rs. 590.00 |
| 040 ## - CATALOGING SOURCE | |
| Original cataloging agency | IMU Kochi Library |
| Language of cataloging | eng |
| 041 0# - LANGUAGE CODE | |
| Language code of text/sound track or separate title | eng |
| 044 ## - COUNTRY OF PUBLISHING/PRODUCING ENTITY CODE | |
| MARC country code | India |
| 082 04 - DEWEY DECIMAL CLASSIFICATION NUMBER | |
| Edition number | 23 |
| Classification number | 658.4034 |
| Item number | Sh233 |
| 100 1# - MAIN ENTRY--PERSONAL NAME | |
| Personal name | Sharma, J. K. |
| 245 10 - TITLE STATEMENT | |
| Title | Operations Research : |
| Sub Title | theory and applications / |
| 250 ## - EDITION STATEMENT | |
| Edition statement | 5th ed. |
| 260 ## - PUBLICATION, DISTRIBUTION, ETC. (IMPRINT) | |
| Place of publication, distribution, etc | Delhi : |
| Name of publisher, distributor, etc | Macmillan Publishers India Ltd. (Trinity Press), |
| Date of publication, distribution, etc | 2013. |
| 300 ## - PHYSICAL DESCRIPTION | |
| Extent | xviii, 944 p. : |
| Other physical details | ill. ; |
| Dimensions | 28 cm. |
| 504 ## - BIBLIOGRAPHY, ETC. NOTE | |
| Bibliography, etc | Includes Index. |
| 650 #0 - SUBJECT ADDED ENTRY--TOPICAL TERM | |
| Topical term or geographic name as entry element | Operations research |
| 852 ## - LOCATION/CALL NUMBER | |
| Location | IMU Kochi Library |
| 904 ## - LOCAL DATA ELEMENT D, LDD (RLIN) | |
| CATALOGER | Akhil Bose |
| 942 ## - ADDED ENTRY ELEMENTS (KOHA) | |
| Item type | Books |
| Withdrawn status | Lost status | Source of classification or shelving scheme | Damaged status | Not for loan | Collection code | Permanent location | Current location | Shelving location | Date acquired | Source of acquisition | Cost, normal purchase price | Full call number | Barcode | Date last seen | Koha item type | Public note | Total Checkouts | Date last borrowed |
|---|---|---|---|---|---|---|---|---|---|---|---|---|---|---|---|---|---|---|
| Management Studies | IMU Kochi Library | IMU Kochi Library | General Stacks | 2015-02-19 | M/s Anand Enterprises (Inv. No. 1728 dt. 2015-02-18) | 590.00 | 658.4034 Sh233 | BK001216 | 2019-12-06 | Books | Gen. Shelf-29, Row-4 | |||||||
| Management Studies | IMU Kochi Library | IMU Kochi Library | General Stacks | 2015-02-19 | M/s Anand Enterprises (Inv. No. 1728 dt. 2015-02-18) | 590.00 | 658.4034 Sh233 | BK001217 | 2019-12-06 | Books | Gen. Shelf-29, Row-4 | |||||||
| Management Studies | IMU Kochi Library | IMU Kochi Library | General Stacks | 2019-12-06 | M/s Anand Enterprises (Inv. No. 1728 dt. 2015-02-18) | 590.00 | 658.4034 Sh233 | BK002768 | 2019-12-06 | Books | Gen. Shelf-29, Row-3 | |||||||
| Management Studies | IMU Kochi Library | IMU Kochi Library | General Stacks | 2019-12-06 | M/s Anand Enterprises (Inv. No. 1728 dt. 2015-02-18) | 590.00 | 658.4034 Sh233 | BK002769 | 2019-12-06 | Books | Gen. Shelf-29, Row-4 | |||||||
| Management Studies | IMU Kochi Library | IMU Kochi Library | General Stacks | 2019-12-06 | M/s Anand Enterprises (Inv. No. 1728 dt. 2015-02-18) | 590.00 | 658.4034 Sh233 | BK002770 | 2025-12-31 | Books | Gen. Shelf-29, Row-3 | 2 | 2025-08-07 | |||||
| Management Studies | IMU Kochi Library | IMU Kochi Library | General Stacks | 2019-12-06 | M/s Anand Enterprises (Inv. No. 1728 dt. 2015-02-18) | 590.00 | 658.4034 Sh233 | BK002771 | 2019-12-06 | Books | Gen. Shelf-29, Row-3 | |||||||
| Management Studies | IMU Kochi Library | IMU Kochi Library | General Stacks | 2019-12-06 | M/s Anand Enterprises (Inv. No. 1728 dt. 2015-02-18) | 590.00 | 658.4034 Sh233 | BK002772 | 2019-12-06 | Books | Gen. Shelf-29, Row-3 | |||||||
| Management Studies | IMU Kochi Library | IMU Kochi Library | General Stacks | 2019-12-06 | M/s Anand Enterprises (Inv. No. 1728 dt. 2015-02-18) | 590.00 | 658.4034 Sh233 | BK002773 | 2019-12-06 | Books | Gen. Shelf-29, Row-4 | |||||||
| Management Studies | IMU Kochi Library | IMU Kochi Library | General Stacks | 2019-12-06 | M/s Anand Enterprises (Inv. No. 1728 dt. 2015-02-18) | 590.00 | 658.4034 Sh233 | BK002774 | 2019-12-06 | Books | Gen. Shelf-29, Row-3 | |||||||
| Management Studies | IMU Kochi Library | IMU Kochi Library | General Stacks | 2019-12-06 | M/s Anand Enterprises (Inv. No. 1728 dt. 2015-02-18) | 590.00 | 658.4034 Sh233 | BK002775 | 2019-12-06 | Books | Gen. Shelf-29, Row-3 |